000 00586nam a2200241Ia 4500
003 OSt
005 20220924144338.0
006 a|||||r|||| 00| 0
007 ta
008 220923b |||||||| |||| 00| 0 urd d
020 _c3.50
024 _a313681
037 _cTextual
040 _aARTS
_cARTS
_burd
041 _2urd
_aurd
082 _aO168,1M96,1, H7
100 _aGorakhpuri Firaq
245 0 _aRamz-o-kinayat
260 _c1947
650 _aURDU POETRY
942 _hO168,1M96,1, H7
_cTEXL
_2CC
999 _c456793
_d456793